The new terrorism fanaticism and the arms of mass destruction
Saved in:
| Main Author: | |
|---|---|
| Format: | Book |
| Tags: |
Add Tag
No Tags, Be the first to tag this record!
|
| Call Number : |
MARC
| LEADER | 00000pam a2200000 4500 | ||
|---|---|---|---|
| 001 | 20711 | ||
| 003 | MY-KLNDU | ||
| 005 | 20241218080510.0 | ||
| 020 | 0 | 0 | |a 9780195140644 |
| 035 | |a 0000032608 | ||
| 039 | 9 | |a 201209071552 |b azraai |c 200911181136 |d VLOAD |c 200911181128 |d VLOAD |y 200910091659 |z VLOAD | |
| 100 | 0 | 0 | |a Laqueur |
| 245 | 0 | 4 | |a The new terrorism |b fanaticism and the arms of mass destruction |
| 591 | |a 0000003868 |b 09/09/08 |c 0198-07 |d 1 |e RM97 |f 1 |g 97 |h Pustaka Darul Warisan Sdn. Bhd. | ||
| 591 | |a 0000003193 |b 20/08/08 |c 0200-07 |d 1 |e USD27 |f 3.34 |g 90.22 |h Pustaka Darul Warisan Sdn. Bhd. | ||
| 999 | |a vtls000030341 |c 20711 |d 20711 | ||


